Una gestapo en América : (Registro nro. 13591)

Detalles MARC
000 -LEADER
fixed length control field 01515nam a2200373 a 4500
001 - CONTROL NUMBER
control field
003 - CONTROL NUMBER IDENTIFIER
control field DO-SdBNP
005 - DATE AND TIME OF LATEST TRANSACTION
control field 20220930105357.0
008 - FIXED-LENGTH DATA ELEMENTS--GENERAL INFORMATION
fixed length control field 090522s2003 dr 000 0 spa d
020 ## - INTERNATIONAL STANDARD BOOK NUMBER
International Standard Book Number 9993455571
020 ## - INTERNATIONAL STANDARD BOOK NUMBER
International Standard Book Number 9789993455578
040 ## - CATALOGING SOURCE
Original cataloging agency BPMSU
Language of cataloging spa
Transcribing agency BPMSU
082 ## - DEWEY DECIMAL CLASSIFICATION NUMBER
Classification number 972.93053
Item number J61u, 2003
Edition number 22
100 1# - MAIN ENTRY--PERSONAL NAME
Personal name Jimenes Grullón, Juan Isidro,
Dates associated with a name 1903-1983
245 10 - TITLE STATEMENT
Title Una gestapo en América :
Remainder of title (vida, tortura, agonía y muerte de presos políticos bajo la tiranía de Trujillo) /
Statement of responsibility, etc. Juan Isidro Jimenes Grullón ; introducción Mariano Mella ; introducción a la edición Bernardo Vega ; prólogo Raúl Roa.
246 14 - VARYING FORM OF TITLE
Title proper/short title Una gestapo en América
250 ## - EDITION STATEMENT
Edition statement 8a ed.
260 ## - PUBLICATION, DISTRIBUTION, ETC. (IMPRINT)
Place of publication, distribution, etc. Santo Domingo :
Name of publisher, distributor, etc. Sociedad Dominicana de Bibliófilos,
Date of publication, distribution, etc. 2003.
300 ## - PHYSICAL DESCRIPTION
Extent 365 p. ;
Dimensions 24 cm.
490 0# - SERIES STATEMENT
Series statement Bibliófilos 2000
Volume/sequential designation 8
500 ## - GENERAL NOTE
General note Incluye datos biográficos del autor en la contracubierta
504 ## - BIBLIOGRAPHY, ETC. NOTE
Bibliography, etc Incluye referencias bibliográficas y notas al pie de las páginas.
590 ## - LOCAL NOTE (RLIN)
Local note Inventariado. 2021/VM
600 10 - SUBJECT ADDED ENTRY--PERSONAL NAME
Personal name Jimenes Grullón, Juan Isidro,
Dates associated with a name 1903-1983
650 #4 - SUBJECT ADDED ENTRY--TOPICAL TERM
Topical term or geographic name as entry element Delitos políticos
General subdivision Historia
Geographic subdivision República Dominicana
651 #4 - SUBJECT ADDED ENTRY--GEOGRAPHIC NAME
Geographic name República Dominicana
General subdivision Historia
Chronological subdivision Era de Trujillo 1930-1961
651 #4 - SUBJECT ADDED ENTRY--GEOGRAPHIC NAME
Geographic name República Dominicana
General subdivision Política gobierno
Chronological subdivision Era de Trujillo 1930-1961
700 1# - ADDED ENTRY--PERSONAL NAME
Personal name Olivo Álvarez, Sócrates
700 1# - ADDED ENTRY--PERSONAL NAME
Personal name Mella, Mariano
700 1# - ADDED ENTRY--PERSONAL NAME
Personal name Roa, Raúl,
Dates associated with a name pról.
700 ## - ADDED ENTRY--PERSONAL NAME
Personal name Vega, Bernardo,
Dates associated with a name 1938 -
910 ## - USER-OPTION DATA (OCLC)
User-option data VMateo V.
942 ## - ADDED ENTRY ELEMENTS (KOHA)
Source of classification or shelving scheme Dewey Decimal Classification
Koha item type Libros
Existencias
Withdrawn status Lost status Source of classification or shelving scheme Damaged status Not for loan Collection code Home library Current library Date acquired Source of acquisition Full call number Barcode Date last seen Price effective from Koha item type Total Checkouts Copy number
    Dewey Decimal Classification     Colección Dominicana Biblioteca Pública Metropolitana Salomé Ureña Biblioteca Pública Metropolitana Salomé Ureña 07/21/2021 Reyes Duluc BPMSU CD 972.93053 J61u 2003 BPMSU21070032 07/21/2021 07/21/2021 Libros    
    Dewey Decimal Classification     Colección Dominicana Biblioteca Pública Metropolitana Salomé Ureña Biblioteca Pública Metropolitana Salomé Ureña 07/21/2021 Reyes Duluc BPMSU CD 972.93053 J61u 2003 BPMSU22090052 09/30/2022 07/21/2021 Libros   e.2